Écrire en toutes lettres les nombres de 0 à 100 - Statistiques

Statistiques générales
  • Ce quiz a été pris 237 fois
  • Le résultat moyen est 60 sur 101
Statistiques - réponses
Hint Réponse % Correct
1 un
98%
2 deux
94%
0 zéro
92%
3 trois
91%
4 quatre
90%
5 cinq
89%
6 six
88%
8 huit
86%
9 neuf
86%
7 sept
86%
10 dix
85%
12 douze
84%
11 onze
84%
14 quatorze
81%
13 treize
81%
15 quinze
80%
16 seize
78%
18 dix-huit
77%
17 dix-sept
77%
20 vingt
77%
19 dix-neuf
75%
21 vingt et un
74%
22 vingt-deux
73%
23 vingt-trois
71%
30 trente
69%
25 vingt-cinq
69%
24 vingt-quatre
68%
26 vingt-six
68%
50 cinquante
67%
40 quarante
67%
32 trente-deux
67%
31 trente et un
67%
29 vingt-neuf
67%
34 trente-quatre
66%
33 trente-trois
66%
28 vingt-huit
66%
27 vingt-sept
66%
52 cinquante-deux
65%
35 trente-cinq
65%
38 trente-huit
65%
39 trente-neuf
65%
37 trente-sept
65%
36 trente-six
65%
51 cinquante et un
64%
53 cinquante-trois
64%
42 quarante-deux
64%
41 quarante et un
64%
43 quarante-trois
63%
45 quarante-cinq
62%
48 quarante-huit
62%
49 quarante-neuf
62%
46 quarante-six
62%
60 soixante
62%
54 cinquante-quatre
61%
47 quarante-sept
61%
55 cinquante-cinq
60%
58 cinquante-huit
60%
57 cinquante-sept
60%
56 cinquante-six
60%
44 quarante-quatre
60%
59 cinquante-neuf
59%
62 soixante-deux
58%
61 soixante et un
58%
63 soixante-trois
57%
65 soixante-cinq
56%
70 soixante-dix
56%
64 soixante-quatre
56%
66 soixante-six
56%
68 soixante-huit
55%
69 soixante-neuf
55%
67 soixante-sept
55%
71 soixante et onze
52%
73 soixante-treize
52%
77 soixante-dix-sept
51%
72 soixante-douze
51%
74 soixante-quatorze
51%
75 soixante-quinze
51%
76 soixante-seize
51%
78 soixante-dix-huit
49%
79 soixante-dix-neuf
47%
80 quatre-vingts
42%
100 cent
38%
82 quatre-vingt-deux
36%
90 quatre-vingt-dix
36%
84 quatre-vingt-quatre
35%
83 quatre-vingt-trois
35%
81 quatre-vingt-un
35%
85 quatre-vingt-cinq
34%
87 quatre-vingt-sept
34%
88 quatre-vingt-huit
33%
86 quatre-vingt-six
33%
89 quatre-vingt-neuf
32%
91 quatre-vingt-onze
29%
92 quatre-vingt-douze
28%
93 quatre-vingt-treize
26%
94 quatre-vingt-quatorze
25%
95 quatre-vingt-quinze
23%
96 quatre-vingt-seize
23%
97 quatre-vingt-dix-sept
21%
98 quatre-vingt-dix-huit
20%
99 quatre-vingt-dix-neuf
19%
Aucun quiz correspondant
Distribution des résultats
% des personnes avec chaque résultat
Percentile par nombre de réponses
Votre historique - résultats
Vous n’avez pas pris ce quiz